Biology of cancer Ed 2 (Record no. 146760)

MARC details
000 -LEADER
fixed length control field 00506nam a2200217Ia 4500
003 - CONTROL NUMBER IDENTIFIER
control field OSt
005 - DATE AND TIME OF LATEST TRANSACTION
control field 20250923150732.0
008 - FIXED-LENGTH DATA ELEMENTS--GENERAL INFORMATION
fixed length control field 210210b2007 xxu||||| |||| 00| 0 eng d
020 ## - INTERNATIONAL STANDARD BOOK NUMBER
International Standard Book Number 978470057599
040 ## - CATALOGING SOURCE
Transcribing agency AL
041 ## - LANGUAGE CODE
Language code of text/sound track or separate title eng
082 ## - DEWEY DECIMAL CLASSIFICATION NUMBER
Classification number 616.994 GABB
100 ## - MAIN ENTRY--PERSONAL NAME
Personal name Janice Gabriel Ed
9 (RLIN) 240233
245 ## - TITLE STATEMENT
Title Biology of cancer Ed 2
250 ## - EDITION STATEMENT
Edition statement 2
260 ## - PUBLICATION, DISTRIBUTION, ETC.
Place of publication, distribution, etc. England
Name of publisher, distributor, etc. John Wiley and Sons
Date of publication, distribution, etc. 2007
300 ## - PHYSICAL DESCRIPTION
Extent xii,204p
690 ## - LOCAL SUBJECT ADDED ENTRY--TOPICAL TERM (OCLC, RLIN)
Topical term or geographic name as entry element Diseases
9 (RLIN) 240235
906 ## - LOCAL DATA ELEMENT F, LDF (RLIN)
a 066223
942 ## - ADDED ENTRY ELEMENTS (KOHA)
Source of classification or shelving scheme Dewey Decimal Classification
Koha item type Book
Holdings
Withdrawn status Lost status Source of classification or shelving scheme Damaged status Not for loan Collection code Home library Current library Date acquired Source of acquisition Cost, normal purchase price Total Checkouts Total Renewals Full call number Barcode Date last seen Date last checked out Price effective from Koha item type
    Dewey Decimal Classification     Bio Technology St Aloysius Library St Aloysius Library 02/17/2021 Prajwal Book Distributors, Bangalore-560061 2911.10 19 8 616.994 GABB 066223 04/29/2026 04/10/2026 02/17/2021 Book